Beste Bundesliga Torschützen 1. FC Nürnberg - Statistiken

Allgemein
  • Dieses Quiz wurde 274 mal gespielt
  • Das Durchschnittsergebnis liegt bei 10 aus 38
Antwortstatistiken
Saison Nationalität Tore Spieler % Korrekt
2004/05 Slowakei 24 Marek Mintál
93%
2018/19 Schweden 4 Mikael Ishak
51%
2005/06 Slowakei 16 Róbert Vittek
51%
2013/14 Schweiz 17 Josip Drmić
50%
2006/07 Russland 9 Ivan Saenko
42%
2009/10 Kosovo 12 Albert Bunjaku
38%
1992/93 Deutschland 10 Dieter Eckstein
37%
1991/92 Deutschland 12 Dieter Eckstein
37%
1990/91 Deutschland 7 Dieter Eckstein
37%
1988/89 Deutschland 7 Dieter Eckstein
37%
1987/88 Deutschland 15 Dieter Eckstein
37%
1985/86 Deutschland 12 Dieter Eckstein
37%
2018/19 Deutschland 4 Hanno Behrens
31%
1993/94 Argentinien 13 Sergio Zárate
30%
2007/08 Bosnien und Herzegowina 10 Zvjezdan Misimović
30%
2002/03 Nordmazedonien 12 Saša Ćirić
28%
1998/99 Nordmazedonien 13 Saša Ćirić
28%
2011/12 Tschechien 9 Tomáš Pekhart
25%
2012/13 Schweden 6 Per Nilsson
24%
1967/68 Deutschland 25 Franz Brungs
23%
1966/67 Deutschland 12 Franz Brungs
23%
1965/66 Deutschland 13 Franz Brungs
23%
1964/65 Deutschland 15 Heinz Strehl
18%
1963/64 Deutschland 16 Heinz Strehl
18%
1986/87 Norwegen 14 Jørn Andersen
16%
2010/11 Deutschland 8 Christian Eigler
14%
1980/81 Deutschland 10 Georg Volkert
11%
2001/02 Deutschland 6 Cacau
10%
2011/12 Deutschland 9 Daniel Didavi
10%
1983/84 Deutschland 12 Manfred Burgsmüller
9%
1982/83 Deutschland 11 Werner Heck
6%
1981/82 Deutschland 14 Werner Heck
6%
1968/69 Deutschland 10 Hans Küppers
4%
1990/91 Deutschland 7 Jörg Dittwar
4%
1989/90 Deutschland 7 Reiner Wirsching
4%
1978/79 Deutschland 6 Detlev Szymanek
3%
1990/91 Deutschland 7 Marc Oechler
3%
1988/89 Deutschland 7 Martin Wagner
3%
Keine übereinstimmenden Quizze gefunden
Verteilung der Resultate
Anzahl Personen mit jedem Resultat
Perzentil nach korrekt beantworteten Fragen
Ihre Resultats-Entwicklung
Sie haben dieses Quiz noch nicht gespielt